Statistics for Countries that Have Formally Declared War Since WW2

Click here to take the quiz!

General Stats

  • This quiz has been taken 370 times
    (70 since last reset)
  • The average score is 20 of 32

Answer Stats

Declaring party% Correct
United States
98%
Iran
90%
Iraq
90%
Israel
90%
Jordan
89%
Syria
89%
Russia
87%
Egypt
85%
Lebanon
85%
People's Republic of China
82%
Hamas
79%
Democratic People's Republic of Korea
74%
Republic of Korea
74%
Somalia
72%
Sudan
70%
South Sudan
69%
Ethiopia
67%
Georgia
66%
Republic of China
66%
Eritrea
59%
Armenia
56%
Chad
56%
Azerbaijan
52%
Djibouti
52%
Morocco
41%
Uganda
39%
Mauritania
38%
Tanzania
38%
Western Sahara
30%
Panama
26%
Cameroon
25%
Ambazonia
5%

Score Distribution

Percentile by Number Answered

Percent of People with Each Score

Your Score History

You have not taken this quiz since the last reset